Statistics for The Seven Deadly Sins Main Characters (Anime) Quiz

Click here to take the quiz!

General Stats

  • This quiz has been taken 295 times
  • The average score is 19 of 30

Answer Stats

Answer % Correct
Meliodas
98%
Dragon
94%
Ban
88%
Wrath
86%
Diane
85%
Harlequin
84%
Merlin
78%
Greed
77%
Elizabeth Liones
75%
Gowther
75%
Fox
73%
Envy
73%
Serpent
70%
Pride
69%
Lust
69%
Sloth
69%
Escanor
69%
Lion
68%
Gluttony
65%
Grizzly
63%
Boar
63%
Goat
57%
Lostvayne
45%
Rhitta
39%
Gideon
39%
Hawk
38%
Chastiefol
35%
Aldan
21%
Courechouse
21%
Herritt
20%

Score Distribution

Percentile by Number Answered

Percent of People with Each Score

Your Score History

You have not taken this quiz